[Event "SF Neuenkirchen 1 - Gütersloher SV 1"]
[Site "NRW-Klasse, Gruppe 2 2014/201"]
[Date "2014.10.05"]
[Round "2.6"]
[White "Rieke, Theo"]
[Black "Scharnowski, Tobias"]
[Result "1-0"]
[WhiteElo "1984"]
[BlackElo "2005"]
[PlyCount "57"]
[EventDate "2014.??.??"]
[WhiteTeam "SF Neuenkirchen 1"]
[BlackTeam "Gütersloher SV 1"]

1. g3 c5 2. Bg2 Nc6 3. c4 g6 4. Nc3 Bg7 5. d3 d6 6. e4 Nf6 7. Nge2 O-O 8. O-O
Rb8 9. h3 a6 10. a4 Nd7 11. Be3 Nd4 12. f4 e6 13. Rb1 Qa5 14. Kh2 Re8 15. Bd2
Qc7 16. Qe1 b6 17. Qf2 Bb7 18. b4 Nxe2 19. Qxe2 d5 20. b5 d4 21. Nd1 e5 22. f5
axb5 23. cxb5 Nf6 24. Nb2 gxf5 25. Rxf5 Bc8 26. Rf2 Be6 27. Rbf1 Qe7 28. Bg5
Ng4+ 29. Qxg4 1-0

[Event "SF Neuenkirchen 1 - Gütersloher SV 1"]
[Site "NRW-Klasse, Gruppe 2 2014/201"]
[Date "2014.10.05"]
[Round "2.7"]
[White "Krueger, Tim"]
[Black "Beckmann, Klaus"]
[Result "1/2-1/2"]
[WhiteElo "2007"]
[BlackElo "2079"]
[PlyCount "34"]
[EventDate "2014.??.??"]
[WhiteTeam "Gütersloher SV 1"]
[BlackTeam "SF Neuenkirchen 1"]

1. d4 Nf6 2. Nf3 e6 3. e3 d5 4. c4 Be7 5. Be2 O-O 6. O-O b6 7. cxd5 exd5 8. Nc3
Bb7 9. b3 Nbd7 10. Bb2 a6 11. Rc1 Bd6 12. Qc2 Re8 13. Rfd1 Qe7 14. Nh4 g6 15.
g3 Rad8 16. Bf3 Nf8 17. Bg2 N8d7 1/2-1/2

[Event "SF Neuenkirchen 1 - Gütersloher SV 1"]
[Site "NRW-Klasse, Gruppe 2 2014/201"]
[Date "2014.10.05"]
[Round "2.8"]
[White "Carstensen, Jens"]
[Black "Minosjan, Artur"]
[Result "0-1"]
[WhiteElo "1718"]
[BlackElo "1999"]
[PlyCount "128"]
[EventDate "2014.??.??"]
[WhiteTeam "SF Neuenkirchen 1"]
[BlackTeam "Gütersloher SV 1"]

1. d4 d6 2. Nf3 Bg4 3. Bf4 Nd7 4. Nbd2 Ngf6 5. h3 Bh5 6. e4 e5 7. dxe5 dxe5 8.
Bg3 c6 9. Be2 Bg6 10. Bd3 Bd6 11. Nc4 Qe7 12. Qe2 Bc7 13. O-O O-O 14. Bh4 Qc5
15. a3 Rfe8 16. b4 Qf8 17. Rfd1 Nh5 18. Qe3 Nb6 19. Ncd2 Na4 20. Bf1 b5 21. c4
Bb6 22. Qb3 a6 23. c5 Bc7 24. Bd3 a5 25. Bc2 Nf4 26. Qe3 axb4 27. axb4 Nc3 28.
Rxa8 Rxa8 29. Re1 Na4 30. Bb3 Qe8 31. Kh2 Kf8 32. Nb1 f6 33. Bg3 Ne6 34. Nc3
Nxc3 35. Qxc3 Bf7 36. Rd1 Rd8 37. Rxd8 Qxd8 38. Nd2 Qd4 39. Qxd4 Nxd4 40. Bd1
Bc4 41. f3 Be2 42. Bxe2 Nxe2 43. Be1 Ke7 44. g3 Nd4 45. Kg2 Nc2 46. Kf2 Nxb4
47. Ke2 Na6 48. Nb3 Ke6 49. g4 Bd8 50. Kd3 Be7 51. Bf2 g6 52. Kc3 f5 53. Kd3
fxg4 54. fxg4 Kd7 55. Be3 Nc7 56. g5 Ne6 57. h4 h6 58. gxh6 Bxh4 59. Nd2 Bf6
60. Nf3 Ke7 61. h7 Kf7 62. Ng5+ Nxg5 63. Bxg5 Bh8 64. Bh6 Kf6 0-1

[Event "SV Castrop-Rauxel 1 - SG Bochum 2"]
[Site "NRW-Klasse, Gruppe 2 2014/201"]
[Date "2014.10.05"]
[Round "2.1"]
[White "Kotainy, Jens"]
[Black "Kartsev, Alexandr"]
[Result "1-0"]
[WhiteElo "2334"]
[BlackElo "2170"]
[PlyCount "83"]
[EventDate "2014.??.??"]
[WhiteTeam "SG Bochum 2"]
[BlackTeam "SV Castrop-Rauxel 1"]

1. e4 c6 2. c4 d5 3. cxd5 cxd5 4. exd5 Nf6 5. Nc3 Nxd5 6. Bc4 e6 7. d4 Be7 8.
Nf3 O-O 9. O-O Nc6 10. Qe2 Bd7 11. Nxd5 exd5 12. Bxd5 Bg4 13. Bxc6 bxc6 14. Qe4
Bxf3 15. Qxf3 Qxd4 16. Qxc6 Bf6 17. Rb1 Rfc8 18. Qa6 Qe4 19. Be3 Qc4 20. Qxc4
Rxc4 21. b3 Rc2 22. a4 a6 23. Rfc1 Rxc1+ 24. Rxc1 Kf8 25. Rc6 Ke7 26. Rb6 Bc3
27. Kf1 Ba5 28. Rb7+ Ke8 29. b4 Bd8 30. Ke2 a5 31. b5 Rc8 32. Kd3 g6 33. Bd2
Rc5 34. Be3 Rd5+ 35. Kc4 Rd1 36. b6 Rb1 37. Bc5 h5 38. Kd5 Ra1 39. Kc6 Rxa4 40.
Rb8 Ra1 41. b7 Rb1 42. Ra8 1-0

[Event "SV Castrop-Rauxel 1 - SG Bochum 2"]
[Site "NRW-Klasse, Gruppe 2 2014/201"]
[Date "2014.10.05"]
[Round "2.2"]
[White "Kusnetsov, Mark"]
[Black "Tkachuk, Konstantyn"]
[Result "0-1"]
[WhiteElo "2166"]
[BlackElo "2265"]
[Annotator "Hausrath,Daniel"]
[PlyCount "70"]
[EventDate "2014.??.??"]
[WhiteTeam "SV Castrop-Rauxel 1"]
[BlackTeam "SG Bochum 2"]

1. d4 c5 2. d5 e5 3. e4 d6 4. Nc3 g6 5. Nf3 Bg7 6. Be2 Ne7 7. h4 h6 8. Be3 f5
9. Qd3 Nd7 10. exf5 gxf5 11. Nd2 O-O 12. f3 a6 13. Nc4 $11 Nf6 14. a4 Nh5 15.
g4 Nf4 16. Bxf4 exf4 17. a5 Ng6 18. g5 h5 19. Qd2 Qc7 20. O-O-O Bd7 21. Nb6
Rae8 22. Bd3 Bd4 23. Kb1 Be3 24. Qg2 Ne5 25. g6 c4 26. Be2 Rf6 27. Qf1 Bb5 28.
Rg1 Bxg1 29. Qxg1 Qc5 30. Qg5 Kg7 31. Qxf4 Nxg6 32. Qg5 Qe3 33. Qxh5 Nf4 34.
Qg5+ Rg6 35. Qxf5 Nxe2 0-1

[Event "SV Castrop-Rauxel 1 - SG Bochum 2"]
[Site "NRW-Klasse, Gruppe 2 2014/201"]
[Date "2014.10.05"]
[Round "2.3"]
[White "Dahm, Jochen"]
[Black "Boehnke, Martin"]
[Result "1/2-1/2"]
[WhiteElo "2232"]
[BlackElo "2097"]
[PlyCount "130"]
[EventDate "2014.??.??"]
[WhiteTeam "SG Bochum 2"]
[BlackTeam "SV Castrop-Rauxel 1"]

1. c4 c6 2. g3 d5 3. Nf3 Nf6 4. Bg2 g6 5. O-O Bg7 6. b3 Ne4 7. d4 O-O 8. Bb2
Re8 9. Nbd2 Nxd2 10. Nxd2 Bf5 11. Re1 h6 12. e3 g5 13. Qf3 Qc8 14. Qe2 Bg4 15.
f3 Bh3 16. Rac1 Bxg2 17. Kxg2 e6 18. e4 Nd7 19. Nf1 Qd8 20. Ne3 Nf8 21. cxd5
exd5 22. exd5 cxd5 23. Rc5 b6 24. Rcc1 Qd7 25. Qd3 Rac8 26. Rxc8 Rxc8 27. Ba3
Ne6 28. Nf5 Re8 29. Bb4 a5 30. Bd2 Nc7 31. Be3 Nb5 32. h4 Nd6 33. Nxg7 Kxg7 34.
hxg5 hxg5 35. Rh1 Qf5 36. Qd2 Rc8 37. g4 Qc2 38. Bxg5 Qxd2+ 39. Bxd2 Rc2 40.
Rd1 Rxa2 41. Kg3 Rb2 42. Bf4 Nb5 43. g5 f6 44. gxf6+ Kxf6 45. Be5+ Kf5 46. Rh1
Rxb3 47. Rh6 Rd3 48. Rf6+ Kg5 49. Rxb6 Nxd4 50. Bxd4 Rxd4 51. Rb5 a4 52. Ra5
Kf5 53. Kf2 Ke5 54. Ke3 Rb4 55. Kd3 Rb3+ 56. Kc2 Ra3 57. Kb2 Rxf3 58. Rxa4 Rf4
59. Ra1 Rc4 60. Re1+ Kd4 61. Rh1 Rc6 62. Rh4+ Ke3 63. Rh3+ Kf4 64. Rh4+ Kg5 65.
Rd4 Rc5 1/2-1/2

[Event "SV Castrop-Rauxel 1 - SG Bochum 2"]
[Site "NRW-Klasse, Gruppe 2 2014/201"]
[Date "2014.10.05"]
[Round "2.4"]
[White "Hille, Ralph Ingo"]
[Black "Schlawin, Marlon"]
[Result "0-1"]
[WhiteElo "2072"]
[BlackElo "2222"]
[PlyCount "66"]
[EventDate "2014.??.??"]
[WhiteTeam "SV Castrop-Rauxel 1"]
[BlackTeam "SG Bochum 2"]

1. b3 e5 2. Bb2 Nc6 3. e3 Nf6 4. Bb5 Bd6 5. Ne2 O-O 6. O-O Re8 7. h3 a6 8. Bxc6
dxc6 9. d3 Nh5 10. Nd2 Re6 11. Ne4 Rg6 12. N2g3 Nxg3 13. fxg3 f5 14. Nxd6 cxd6
15. Qf3 Be6 16. e4 Qb6+ 17. Kh2 Rf8 18. Qe2 Rgf6 19. exf5 Bxf5 20. Qf2 c5 21.
Qe3 Qc6 22. g4 Bc8 23. Rxf6 Rxf6 24. Re1 b5 25. Re2 Bb7 26. Rf2 h6 27. c4 b4
28. Kg3 Rf7 29. Qe2 Rxf2 30. Qxf2 e4 31. dxe4 Qxe4 32. Bc1 g5 33. Be3 Qe5+ 0-1

[Event "SV Castrop-Rauxel 1 - SG Bochum 2"]
[Site "NRW-Klasse, Gruppe 2 2014/201"]
[Date "2014.10.05"]
[Round "2.5"]
[White "Kahleys, Kevin"]
[Black "Mueller, Frank"]
[Result "1-0"]
[WhiteElo "2192"]
[BlackElo "1990"]
[PlyCount "97"]
[EventDate "2014.??.??"]
[WhiteTeam "SG Bochum 2"]
[BlackTeam "SV Castrop-Rauxel 1"]

1. d4 Nf6 2. Nf3 g6 3. Bf4 Bg7 4. h3 O-O 5. e3 d6 6. Be2 c5 7. c3 b6 8. O-O Bb7
9. a4 a6 10. Nbd2 Nbd7 11. Bh2 Qc7 12. Qb3 Bc6 13. Rfd1 Qb7 14. c4 cxd4 15.
exd4 d5 16. Rac1 dxc4 17. Nxc4 Bd5 18. Qa3 Rfc8 19. Ne3 Rxc1 20. Rxc1 Rc8 21.
b4 Bh6 22. a5 b5 23. Be5 Be4 24. Rc3 Rxc3 25. Qxc3 Nd5 26. Nxd5 Bxd5 27. Ne1
Qc6 28. Qxc6 Bxc6 29. Nd3 Nxe5 30. dxe5 Bd2 31. Bf3 Bxf3 32. gxf3 g5 33. Kf1
Kg7 34. Ke2 Bc3 35. Ke3 Kg6 36. Ke4 e6 37. f4 h6 38. f3 gxf4 39. Kxf4 Kh5 40.
Ke4 Kh4 41. f4 Kxh3 42. Kf3 Kh4 43. f5 Kg5 44. fxe6 fxe6 45. Nc5 Bxb4 46. Nxe6+
Kf5 47. Nd4+ Kxe5 48. Nc6+ Kd5 49. Nxb4+ 1-0

[Event "SV Castrop-Rauxel 1 - SG Bochum 2"]
[Site "NRW-Klasse, Gruppe 2 2014/201"]
[Date "2014.10.05"]
[Round "2.6"]
[White "Kock, Wolfgang"]
[Black "Tkachuk, Sergij"]
[Result "0-1"]
[WhiteElo "1973"]
[BlackElo "2176"]
[PlyCount "52"]
[EventDate "2014.??.??"]
[WhiteTeam "SV Castrop-Rauxel 1"]
[BlackTeam "SG Bochum 2"]

1. c4 Nf6 2. g3 g6 3. Bg2 Bg7 4. Nc3 O-O 5. d3 d6 6. Rb1 a5 7. a3 c6 8. Nf3 Qc7
9. O-O Na6 10. Bd2 h6 11. b4 axb4 12. axb4 e5 13. h3 Be6 14. Qc1 Kh7 15. Ne4
Nd7 16. b5 Nac5 17. Nxc5 Nxc5 18. bxc6 bxc6 19. Bb4 Nd7 20. e3 c5 21. Bc3 Ra7
22. Ra1 Rb8 23. Rxa7 Qxa7 24. Qd2 Qa3 25. Ra1 Qb3 26. Qc1 e4 0-1

[Event "SV Castrop-Rauxel 1 - SG Bochum 2"]
[Site "NRW-Klasse, Gruppe 2 2014/201"]
[Date "2014.10.05"]
[Round "2.7"]
[White "Werthebach, Felix"]
[Black "Balke, Reiner"]
[Result "1-0"]
[WhiteElo "2147"]
[BlackElo "1806"]
[PlyCount "43"]
[EventDate "2014.??.??"]
[WhiteTeam "SG Bochum 2"]
[BlackTeam "SV Castrop-Rauxel 1"]

1. c4 Nf6 2. g3 e6 3. Bg2 c5 4. Nf3 Nc6 5. O-O d5 6. cxd5 exd5 7. d4 cxd4 8.
Nxd4 Be7 9. Nc3 h6 10. e4 dxe4 11. Nxc6 Qxd1 12. Rxd1 bxc6 13. Nxe4 O-O 14. Bf4
Nd5 15. Bd6 Be6 16. Bxe7 Nxe7 17. Nc5 Bd5 18. Re1 Rfe8 19. Na6 Ng6 20. Nc7
Rxe1+ 21. Rxe1 Bxg2 22. Nxa8 1-0

[Event "SV Castrop-Rauxel 1 - SG Bochum 2"]
[Site "NRW-Klasse, Gruppe 2 2014/201"]
[Date "2014.10.05"]
[Round "2.8"]
[White "Tenschert, Hartmut"]
[Black "Mazarov, Juergen"]
[Result "0-1"]
[WhiteElo "1758"]
[BlackElo "2111"]
[PlyCount "70"]
[EventDate "2014.??.??"]
[WhiteTeam "SV Castrop-Rauxel 1"]
[BlackTeam "SG Bochum 2"]

1. d4 d5 2. Bf4 Nf6 3. e3 c5 4. c3 Qb6 5. Qc1 g6 6. Nf3 Bg7 7. Nbd2 O-O 8. Be2
Nc6 9. a4 Nd7 10. O-O e5 11. dxe5 Ndxe5 12. Nxe5 Nxe5 13. a5 Qf6 14. Nf3 Nxf3+
15. Bxf3 g5 16. Bg3 Rd8 17. e4 g4 18. e5 Qf5 19. Bd1 Bxe5 20. Bxg4 Qf6 21. Bxe5
Qxe5 22. f4 Qf6 23. Bxc8 Raxc8 24. f5 d4 25. g4 d3 26. Qf4 Kh8 27. Rf3 c4 28.
Rd1 Qd6 29. f6 Qxf4 30. Rxf4 h6 31. h4 Rc5 32. Kf2 Kh7 33. g5 hxg5 34. hxg5 Kg6
35. Rg4 Rxg5 0-1

[Event "Herforder SV Königsspringer 1 - SF Neue"]
[Site "NRW-Klasse, Gruppe 2 2014/201"]
[Date "2014.11.16"]
[Round "3.1"]
[White "Muschik, Benedikt"]
[Black "Wolf, Andre"]
[Result "0-1"]
[WhiteElo "2305"]
[BlackElo "2143"]
[PlyCount "150"]
[EventDate "2014.??.??"]
[WhiteTeam "SF Neuenkirchen 1"]
[BlackTeam "Herforder SV Königsspringer 1"]

1. d4 d5 2. Bf4 Nf6 3. e3 c5 4. dxc5 Nc6 5. Bb5 e6 6. b4 a5 7. c3 Bd7 8. Qb3
Ne4 9. Bxc6 Bxc6 10. f3 e5 11. Bxe5 Qg5 12. fxe4 Qxg2 13. Nd2 axb4 14. cxb4 Ba4
15. Qa3 Be7 16. Ngf3 dxe4 17. Rg1 Qh3 18. Kf2 exf3 19. Bg3 Bf6 20. Rae1 O-O 21.
Ne4 Bh4 22. Qc3 f6 23. Qc4+ Kh8 24. b5 Bxb5 25. Qxb5 Rxa2+ 26. Kxf3 Qf5+ 27.
Bf4 Qh5+ 28. Rg4 Bxe1 29. Qd7 Qf7 30. Qd4 Raa8 31. Ke2 Ba5 32. Bd6 Rfe8 33. Ng3
Bc7 34. Nf5 Bxd6 35. Nxd6 Qh5 36. Nxe8 Rxe8 37. Kd3 Qf5+ 38. Ke2 Qc2+ 39. Kf3
Qf5+ 40. Kg2 Rc8 41. Qe4 Qd7 42. Rh4 f5 43. Qe5 Qc6+ 44. e4 Qxc5 45. Qxf5 Qxf5
46. exf5 b5 47. Rd4 Kg8 48. Kf3 Rb8 49. Rb4 Kf7 50. Ke3 Kf6 51. Rh4 b4 52. Kd2
b3 53. Kc1 b2+ 54. Kb1 h6 55. Rf4 Rb7 56. Rf2 Rb5 57. Rg2 Rb7 58. Rf2 Ke5 59.
Rf3 Ke4 60. Rf1 Ke5 61. Rf2 h5 62. Rf3 Rb4 63. Rh3 h4 64. Rf3 Rf4 65. Rb3 Rf1+
66. Kxb2 Rf2+ 67. Kc1 Rxh2 68. Rb5+ Kf6 69. Kd1 Rf2 70. Rb4 h3 71. Rh4 h2 72.
Ke1 Rb2 73. Kf1 Kxf5 74. Rh8 g5 75. Rh7 Kg4 0-1

[Event "Herforder SV Königsspringer 1 - SF Neue"]
[Site "NRW-Klasse, Gruppe 2 2014/201"]
[Date "2014.11.16"]
[Round "3.2"]
[White "Peist, Juergen"]
[Black "Wilde, Pierre"]
[Result "1-0"]
[WhiteElo "2248"]
[BlackElo "2233"]
[Annotator "Hausrath,Daniel"]
[PlyCount "93"]
[EventDate "2014.??.??"]
[WhiteTeam "Herforder SV Königsspringer 1"]
[BlackTeam "SF Neuenkirchen 1"]

1. Nf3 e6 2. g3 Nf6 3. Bg2 b6 4. O-O Bb7 5. d3 g6 6. e4 d6 7. Nc3 Bg7 8. Nh4 d5
9. e5 Nfd7 10. f4 a6 11. Ne2 Nc6 12. d4 Ne7 13. Be3 c5 14. c3 Rc8 15. f5 exf5
16. Nf4 O-O $11 17. Nf3 cxd4 18. cxd4 Re8 19. e6 Nf8 20. Ng5 fxe6 21. Ngxe6
Nxe6 22. Nxe6 Qd7 23. Nxg7 Kxg7 24. Qb3 b5 25. Bf4 Rc4 26. Be5+ Kg8 27. Qf3 Rd8
28. g4 Nc6 29. gxf5 Nxe5 30. dxe5 Qxf5 31. Qxf5 gxf5 32. Rxf5 Rg4 33. Kf1 Rc8
34. e6 Rg6 35. Re1 Re8 36. e7 Rg7 37. Rfe5 Rf7+ 38. Kg1 Rg7 39. Kh1 h6 40. h4
Rg4 41. Bf3 Rxh4+ 42. Kg2 Rc4 43. Bh5 d4+ 44. Kg3 Bc6 45. Bxe8 Bxe8 46. Rf1 Kg7
47. Rf8 1-0

[Event "Herforder SV Königsspringer 1 - SF Neue"]
[Site "NRW-Klasse, Gruppe 2 2014/201"]
[Date "2014.11.16"]
[Round "3.4"]
[White "Loemker, Michael"]
[Black "Buendgen, Achim"]
[Result "0-1"]
[WhiteElo "2092"]
[BlackElo "2166"]
[PlyCount "134"]
[EventDate "2014.??.??"]
[WhiteTeam "Herforder SV Königsspringer 1"]
[BlackTeam "SF Neuenkirchen 1"]

1. d4 Nf6 2. c4 c5 3. d5 e6 4. Nc3 exd5 5. cxd5 d6 6. e4 g6 7. Nf3 Bg7 8. Be2
O-O 9. O-O Re8 10. Nd2 Nbd7 11. f4 c4 12. Bxc4 Nc5 13. e5 dxe5 14. fxe5 Rxe5
15. Nf3 Bg4 16. Be2 Re8 17. Bb5 Re5 18. Be2 Re8 19. Bb5 Rf8 20. Be3 Nce4 21.
Nxe4 Nxe4 22. Qb3 a6 23. Be2 Qd7 24. Rad1 Nd6 25. h3 Bxf3 26. Bxf3 Rac8 27. Rc1
b5 28. Rc6 Nc4 29. Bc1 Na5 30. Qa3 Nxc6 31. dxc6 Rxc6 32. Bxc6 Qxc6 33. Bd2 Re8
34. Rf3 Qc2 35. Qb3 Bd4+ 36. Kh2 Qxb3 37. Rxb3 Re2 38. Bc3 Bxc3 39. Rxc3 Kg7
40. Ra3 Re6 41. g4 Kf6 42. Kg3 Ke5 43. Rd3 Rd6 44. Re3+ Kf6 45. h4 h6 46. Rf3+
Ke6 47. Re3+ Kd7 48. Rf3 f6 49. Rc3 f5 50. Re3 Re6 51. Ra3 Ke7 52. Rc3 Kf6 53.
gxf5 gxf5 54. Kf3 Rd6 55. Ke3 Re6+ 56. Kf3 Kg6 57. Rc5 Rd6 58. Ke3 Kh5 59.
Rxf5+ Kxh4 60. a4 bxa4 61. Rf4+ Kg3 62. Rxa4 Re6+ 63. Kd4 h5 64. Kd5 Rh6 65.
Ke4 h4 66. b4 h3 67. Ra3+ Kg4 0-1

[Event "Herforder SV Königsspringer 1 - SF Neue"]
[Site "NRW-Klasse, Gruppe 2 2014/201"]
[Date "2014.11.16"]
[Round "3.5"]
[White "Haves, Reinhard"]
[Black "Quelle, Helmut"]
[Result "1/2-1/2"]
[WhiteElo "2124"]
[BlackElo "2070"]
[PlyCount "84"]
[EventDate "2014.??.??"]
[WhiteTeam "SF Neuenkirchen 1"]
[BlackTeam "Herforder SV Königsspringer 1"]

1. Nf3 Nf6 2. d4 g6 3. c4 Bg7 4. Nc3 O-O 5. g3 c6 6. Bg2 d5 7. Ne5 dxc4 8. Nxc4
Be6 9. Ne5 Nbd7 10. Nf3 Nd5 11. Bd2 Nxc3 12. Bxc3 Bd5 13. O-O Re8 14. Nh4 Bxg2
15. Nxg2 Nf6 16. Qb3 b6 17. Nf4 Ne4 18. Rad1 e6 19. Qc4 Rc8 20. a4 Qc7 21. Nd3
e5 22. dxe5 Nxc3 23. bxc3 Bxe5 24. f4 b5 25. axb5 cxb5 26. Qxb5 Bxc3 27. Nf2
Qc4 28. Qxc4 Rxc4 29. e4 a5 30. e5 Bd4 31. Kg2 h5 32. Ne4 Rb8 33. Rd3 a4 34.
Rfd1 Rc2+ 35. Kf3 Bb6 36. Rb1 Kg7 37. h3 Rd8 38. Rxd8 Bxd8 39. Rb8 Be7 40. Rb7
Kf8 41. Rb8+ Kg7 42. Rb7 Kf8 1/2-1/2

[Event "Herforder SV Königsspringer 1 - SF Neue"]
[Site "NRW-Klasse, Gruppe 2 2014/201"]
[Date "2014.11.16"]
[Round "3.6"]
[White "Bentel, Robin"]
[Black "Seegers, Hendrik"]
[Result "1-0"]
[WhiteElo "2135"]
[BlackElo "2131"]
[PlyCount "159"]
[EventDate "2014.??.??"]
[WhiteTeam "Herforder SV Königsspringer 1"]
[BlackTeam "SF Neuenkirchen 1"]

1. e4 d5 2. exd5 Nf6 3. d4 Nxd5 4. Nf3 Bg4 5. c4 Nb6 6. Be3 e6 7. h3 Bh5 8. Be2
c5 9. Nc3 cxd4 10. Nxd4 Bxe2 11. Qxe2 Bb4 12. Rc1 O-O 13. O-O Qe7 14. a3 Bc5
15. b4 Bxd4 16. Bxd4 Rd8 17. Bc5 Qh4 18. Ne4 Nc6 19. Qe3 Na4 20. Bd6 f5 21. Nc5
Rxd6 22. Nxb7 Qd4 23. Qb3 Nc5 24. Nxc5 Qf6 25. Qe3 e5 26. Rcd1 Rad8 27. Rxd6
Rxd6 28. Nb3 e4 29. Nc1 Rd4 30. Qc3 Qd8 31. c5 a6 32. Ne2 Rd2 33. Qc4+ Qd5 34.
Qxd5+ Rxd5 35. Rb1 Rd2 36. Ng3 g6 37. a4 Rc2 38. b5 axb5 39. axb5 Ne7 40. b6
Nc6 41. b7 Rxc5 42. b8=Q+ Nxb8 43. Rxb8+ Kg7 44. Rb7+ Kh6 45. Nf1 Rc1 46. g3
Rd1 47. Kg2 Rd3 48. Ne3 Rd2 49. Nc4 Rc2 50. Ne3 Rd2 51. Re7 Rd4 52. Kg1 Rd2 53.
Nc4 Rd1+ 54. Kg2 Rd4 55. Nb6 Rd2 56. Kf1 Rb2 57. Nd5 Rb1+ 58. Kg2 Rb8 59. Nf6
Rh8 60. h4 g5 61. hxg5+ Kg6 62. Nd5 Kxg5 63. Nf4 Kf6 64. Re6+ Kf7 65. Ra6 Re8
66. Ra7+ Kg8 67. Nd5 Rf8 68. Kh3 Rf7 69. Rxf7 Kxf7 70. Kh4 Ke6 71. Ne3 Ke5 72.
Kg5 h6+ 73. Kxh6 f4 74. g4 Kd4 75. g5 Kd3 76. g6 Ke2 77. Ng4 Kf3 78. g7 Kxg4
79. g8=Q+ Kf3 80. Qg1 1-0

[Event "Herforder SV Königsspringer 1 - SF Neue"]
[Site "NRW-Klasse, Gruppe 2 2014/201"]
[Date "2014.11.16"]
[Round "3.7"]
[White "Rieke, Theo"]
[Black "Bykovskij, Sergej"]
[Result "1/2-1/2"]
[WhiteElo "1984"]
[BlackElo "2042"]
[PlyCount "62"]
[EventDate "2014.??.??"]
[WhiteTeam "SF Neuenkirchen 1"]
[BlackTeam "Herforder SV Königsspringer 1"]

1. Nf3 d5 2. g3 Nf6 3. Bg2 c6 4. O-O Bf5 5. d3 e6 6. c4 Bc5 7. Qb3 Qb6 8. Nc3
Nbd7 9. Bf4 O-O 10. Na4 Qxb3 11. axb3 Bb4 12. Bd2 Bd6 13. Bg5 h6 14. Bxf6 Nxf6
15. c5 Bc7 16. Nc3 Rfd8 17. Ra4 a6 18. Rc1 Bg6 19. Raa1 Bh5 20. Kf1 Rd7 21. Nd2
Be5 22. b4 Re8 23. Nb3 Bc7 24. Na5 Rb8 25. Nb3 Bg6 26. Bf3 Be5 27. Na5 Bf5 28.
Bg2 h5 29. h4 Ng4 30. Nb3 Bg6 31. Bh3 Bf5 1/2-1/2

[Event "Herforder SV Königsspringer 1 - SF Neue"]
[Site "NRW-Klasse, Gruppe 2 2014/201"]
[Date "2014.11.16"]
[Round "3.8"]
[White "Heuermann, Heinz-Burkhard"]
[Black "Scho, Christian"]
[Result "0-1"]
[WhiteElo "1967"]
[BlackElo "2098"]
[PlyCount "120"]
[EventDate "2014.??.??"]
[WhiteTeam "Herforder SV Königsspringer 1"]
[BlackTeam "SF Neuenkirchen 1"]

1. c4 g6 2. Nc3 Bg7 3. e4 e5 4. Nf3 Nc6 5. d3 d6 6. h3 Nge7 7. Be3 Nd4 8. g3
O-O 9. Bg2 f5 10. Bg5 h6 11. Bxe7 Qxe7 12. Nd5 Nxf3+ 13. Qxf3 Qd8 14. exf5 gxf5
15. O-O-O c6 16. Ne3 Qb6 17. Rd2 Qa5 18. a3 Bd7 19. Qd1 Rab8 20. g4 f4 21. Nf5
Bxf5 22. gxf5 Rxf5 23. Be4 Rf6 24. Rg1 f3 25. Qb3 Qc5 26. Rg3 d5 27. Bxf3 Rbf8
28. Bh5 b5 29. f3 Rf5 30. Rdg2 Rg5 31. Kb1 Rxg3 32. Rxg3 Qe3 33. Qd1 bxc4 34.
dxc4 dxc4 35. Qg1 Qd3+ 36. Ka1 Qd7 37. Bg4 Qe7 38. Be6+ Kh8 39. Bxc4 e4 40.
fxe4 Qe5 41. Qg2 Qd4 42. Rxg7 Qxg7 43. Qxg7+ Kxg7 44. Be6 Rf3 45. Ka2 Kf6 46.
Bg4 Re3 47. Bf5 Ke5 48. b4 Kd4 49. Kb2 Kc4 50. Be6+ Kb5 51. Bd7 Rxe4 52. a4+
Kxb4 53. Bxc6 Re3 54. Bd7 Rd3 55. Bf5 Rd6 56. Bc2 Rd2 57. Kc1 Kc3 58. Bf5 Rf2
59. Bg4 Rf1+ 60. Bd1 a5 0-1

[Event "Gütersloher SV 1 - Bahn-SC Wuppertal 1"]
[Site "NRW-Klasse, Gruppe 2 2014/201"]
[Date "2014.11.16"]
[Round "3.1"]
[White "Savchenko, Vyacheslav"]
[Black "Grochtmann, Stephan"]
[Result "1-0"]
[WhiteElo "2347"]
[BlackElo "2072"]
[PlyCount "45"]
[EventDate "2014.??.??"]
[WhiteTeam "Bahn-SC Wuppertal 1"]
[BlackTeam "Gütersloher SV 1"]

1. e4 c5 2. Nf3 g6 3. h4 h6 4. d4 cxd4 5. Nxd4 Nc6 6. h5 g5 7. Nc3 Bg7 8. Be3
d6 9. Be2 Nf6 10. Nb3 a5 11. a4 Be6 12. f4 gxf4 13. Bxf4 Qb6 14. Nd5 Bxd5 15.
exd5 Ne4 16. Rf1 Nd4 17. Nxd4 Bxd4 18. Bb5+ Kd8 19. Qf3 Bxb2 20. Qxe4 Bxa1 21.
Be3 Qc7 22. Rxf7 Be5 23. c4 1-0

[Event "Gütersloher SV 1 - Bahn-SC Wuppertal 1"]
[Site "NRW-Klasse, Gruppe 2 2014/201"]
[Date "2014.11.16"]
[Round "3.2"]
[White "Ebert, Manuel"]
[Black "Khanukov, Boris"]
[Result "1/2-1/2"]
[WhiteElo "2113"]
[BlackElo "2174"]
[PlyCount "84"]
[EventDate "2014.??.??"]
[WhiteTeam "Gütersloher SV 1"]
[BlackTeam "Bahn-SC Wuppertal 1"]

1. e4 c5 2. Nf3 Nc6 3. d4 cxd4 4. Nxd4 g6 5. Nc3 Bg7 6. Be3 Nf6 7. Be2 O-O 8.
f4 d5 9. e5 Ne8 10. Bf3 Nc7 11. Qd2 f6 12. exf6 Bxf6 13. O-O-O e5 14. fxe5 Nxe5
15. Kb1 Nxf3 16. Nxf3 Be6 17. h4 b5 18. h5 b4 19. Ne2 Bf7 20. hxg6 Bxg6 21. Nf4
Be4 22. Nh5 Nb5 23. Nxf6+ Qxf6 24. Nd4 Nxd4 25. Bxd4 Qg6 26. Rh6 Qg4 27. Ka1
Rac8 28. c3 a5 29. Ra6 Ra8 30. Rxa8 Rxa8 31. Rf1 Rf8 32. Rxf8+ Kxf8 33. cxb4
Qxg2 34. Qxg2 Bxg2 35. bxa5 Bf1 36. Kb1 h5 37. Kc2 h4 38. Kc3 Ke7 39. Be5 Kd7
40. a4 Kc6 41. b4 h3 42. Kd4 Be2 1/2-1/2

[Event "Gütersloher SV 1 - Bahn-SC Wuppertal 1"]
[Site "NRW-Klasse, Gruppe 2 2014/201"]
[Date "2014.11.16"]
[Round "3.3"]
[White "Savchenko, Aleksij"]
[Black "Plaßmann, Dominik"]
[Result "0-1"]
[WhiteElo "2191"]
[BlackElo "2006"]
[PlyCount "58"]
[EventDate "2014.??.??"]
[WhiteTeam "Bahn-SC Wuppertal 1"]
[BlackTeam "Gütersloher SV 1"]

1. d4 e6 2. Nf3 f5 3. g3 Nf6 4. Bg2 d5 5. O-O Bd6 6. c4 c6 7. b3 Qe7 8. a4 a5
9. Ba3 Bxa3 10. Nxa3 O-O 11. Qc2 Na6 12. Qb2 Nb4 13. Ne5 Nd7 14. Nxd7 Bxd7 15.
e3 Be8 16. Rad1 Bh5 17. Rd2 Rf6 18. Nb1 Rh6 19. f3 Re8 20. e4 f4 21. Qc3 Qg5
22. Kf2 Bg6 23. Rh1 Rxh2 24. Rxh2 fxg3+ 25. Kg1 gxh2+ 26. Kxh2 Qh4+ 27. Bh3
dxe4 28. fxe4 Bxe4 29. Na3 Rf8 0-1

[Event "Gütersloher SV 1 - Bahn-SC Wuppertal 1"]
[Site "NRW-Klasse, Gruppe 2 2014/201"]
[Date "2014.11.16"]
[Round "3.4"]
[White "Hanhoerster, Stephan"]
[Black "Tueckmantel, Rene"]
[Result "1-0"]
[WhiteElo "2059"]
[BlackElo "2107"]
[PlyCount "55"]
[EventDate "2014.??.??"]
[WhiteTeam "Gütersloher SV 1"]
[BlackTeam "Bahn-SC Wuppertal 1"]

1. d4 c5 2. Nc3 e6 3. Nf3 cxd4 4. Nxd4 a6 5. e4 Qc7 6. Bd3 Nf6 7. O-O Be7 8.
Qe2 d6 9. Bd2 Nc6 10. Nb3 O-O 11. f4 b6 12. Rae1 Nd7 13. Kh1 Bb7 14. a3 Rfe8
15. Qh5 g6 16. Qh3 Bf8 17. Ne2 Nc5 18. Nxc5 bxc5 19. Bc3 d5 20. Ng3 c4 21. exd5
cxd3 22. Nh5 Be7 23. Rxe6 Bc8 24. Nf6+ Bxf6 25. Rxe8+ Kg7 26. Bxf6+ Kxf6 27.
Qxh7 Bg4 28. Qh4+ 1-0

[Event "Gütersloher SV 1 - Bahn-SC Wuppertal 1"]
[Site "NRW-Klasse, Gruppe 2 2014/201"]
[Date "2014.11.16"]
[Round "3.5"]
[White "Werbeck, Torsten"]
[Black "Janyska, Dennis"]
[Result "1-0"]
[WhiteElo "2098"]
[BlackElo "1989"]
[PlyCount "61"]
[EventDate "2014.??.??"]
[WhiteTeam "Bahn-SC Wuppertal 1"]
[BlackTeam "Gütersloher SV 1"]

1. d4 d5 2. Nf3 Nf6 3. c4 e6 4. Nc3 c6 5. e3 Nbd7 6. Bd3 Bd6 7. O-O Qe7 8. Qe2
O-O 9. e4 dxc4 10. Bxc4 e5 11. d5 cxd5 12. Bxd5 Bb4 13. Bg5 h6 14. Bh4 Bxc3 15.
bxc3 Re8 16. Rfd1 Nf8 17. Rab1 Rb8 18. Nxe5 Qxe5 19. Bg3 Qxc3 20. Bxb8 Bg4 21.
f3 Qc5+ 22. Qf2 Qxf2+ 23. Kxf2 Nxd5 24. exd5 Bxf3 25. gxf3 Rxb8 26. Rbc1 Nd7
27. Rc7 Ne5 28. d6 Kh7 29. d7 Rd8 30. Rxb7 a6 31. Ra7 1-0